Normal view MARC view
  • Farooq, Waqar

Entry Personal Name

Number of records used in: 1

001 - CONTROL NUMBER

  • control field: 18645

003 - CONTROL NUMBER IDENTIFIER

  • control field: NUST

005 - DATE AND TIME OF LATEST TRANSACTION

  • control field: 20190726093805.0

008 - FIXED-LENGTH DATA ELEMENTS

  • fixed length control field: 190726|| aca||aabn | a|a d

040 ## - CATALOGING SOURCE

  • Original cataloging agency: NUST
  • Transcribing agency: NUST

100 ## - HEADING--PERSONAL NAME

  • Personal name: Farooq, Waqar

670 ## - SOURCE DATA FOUND

  • Source citation: Work cat.: (NUST): Farooq, Waqar, A NOVEL REAL TIME FRAMEWORK FOR CLUSTER-BASED MULTICAST COMMUNICATION IN VEHICULAR AD HOC NETWORKS /, 2017.
© 2023 Central Library, National University of Sciences and Technology. All Rights Reserved.